000 00382nam a2200145Ia 4500
008 231129s2004||||xx |||||||||||||| ||spa||
020 _a970-720-071-4 (Carto
040 _bspa
082 _a612.015 H293b
100 _aHarper Harold Anthony
245 0 _aBioquí­mica ilustrada
260 _c2004
264 _aEl manual moderno
942 _2ddc
_cBKS
999 _c6219
_d6219